Carrera de mente [juego] : platinum /
Guardado en:
| Otros Autores: | , |
|---|---|
| Formato: | Objeto Físico |
| Publicado: |
Argentina :
Ruibal,
2009.
|
| Materias: | |
| Etiquetas: |
Agregar Etiqueta
Sin Etiquetas, Sea el primero en etiquetar este registro!
|
| LEADER | 00836nrm a22001815g 4500 | ||
|---|---|---|---|
| 001 | CEM.cems019350 | ||
| 008 | 130507s2009##################0###0#####d | ||
| 005 | 20220830162044.0 | ||
| 003 | CEMS | ||
| 245 | 0 | 0 | |a Carrera de mente [juego] : |b platinum / |c Jaime Poniachik Y Daniel Samoilovich : |
| 260 | |a Argentina : |b Ruibal, |c 2009. | ||
| 300 | |a 1 juego (6 cuadernillos con preguntas, 1 tablero, 1 dado, 6 peanas, 36 fichas hexagonales de seis diferentes colores) ; en caja 27 x 27 x 6 cm. + instrucciones en cada cuadernillo. | ||
| 500 | |a Para 2 a 20 jugadores a partir de 10 años objetivo: obtener 6 fichas-premio hexagonales, una de cada color. | ||
| 700 | 1 | |a I.poliachik, Jaime | |
| 700 | 1 | |a Ii.samoilovich, Daniel | |
| 082 | 0 | 4 | |a J793.73 |
| 653 | |a 1. juegos de preguntas y respuestas | ||
| 859 | |a CEMS |b BIB. CEMS - Ludoteca |h J793.73 |i P774 |p 410.13 |t Ej.1 | ||
